000 00333nam a22001337a 4500
008 170529b xxu||||| |||| 00| 0 eng d
020 _a13121053X
041 _aeng
080 _a94(7/8)
100 _a16
101 _aSHH
245 _aCATHOLICISM, SOCIAL CONTROL, AND MODERNIZATION IN LATIN AMERICA
_cVALLIER, I
942 _2udc
_cBK
999 _c14941
_d14941